000 02786nam a22002777a 4500
003 URS
005 20240422214555.0
008 240417b |||||||| |||| 00| 0 eng d
050 0 0 _aLG 221.R59 C7886
_b2013
100 1 _aBelotindos, Renz Joenard Apolinio
_eResearcher
245 1 0 _aContributory Factors Pertinent to the Continued Progress of the National Book Store in Montalban Town Center/
_cRenz Joenard Apolonio Belotindos; [et...al]
260 _c2013
300 _aviii, 42 leaves
_billustrations,
_c28 cm
336 _2rdacontent
_atext
337 _2rdamedia
_aunmediated
338 _2rdacarrier
_avolume
502 _aUndergraduate Thesis
_bBachelor of Science in Business Administration Major in Human Resource Development Management
_cUniversity of Rizal System, Rodriguez, Rizal
_d2013
520 _aThis study was designed to know the contributory factors pertinent to continued progress of the National Book Store in Montalban Town Center. There were 110 respondents who took random test. Descriptive research was employed using questionnaire-checklist in gathering data. The data gathered were tallied, tabulated, analyzed and interpreted using the appropriate statistical treatment. To determine the profile of the respondents, frequency, percentage and rank distribution were used. Weighted mean was utilized to identify the Contributory Factors pertinent to Continued Progress of National Book Store in Montalban Town Center. One-way ANOVA was applied to determine the difference between the profiles of the respondents and the factors affecting the continued progress of National Book Store in terms of age, and Civil Status From the gathered data, the following were the summarized findings. On the profile of the respondents, in terms of age most of the respondents belonged to age bracket 18-22 years old with a frequency of 60 or 54.55 percent. It was followed by those whose age bracket in 23-27 years old with a frequency of 15 or 13 64percent. Then age bracket 38-42 with a frequency of 14 or 12.73 percent. Age bracket 28-32 followed with a frequency of 12 or 10.91 percent. Next was age bracket 33-37 with the frequency of 8 or 7.27 percent. Lastly was age bracket 43-47 with a frequency of 1 or 0.51 percent. In terms of Civil Status, majority of the respondents were single with a frequency of 86 or 78.18 Percent. Next were those who were married with frequency of 20 or 18.18 percent Then were 4or 3.64 percent widow.
650 _2contributes and pertinent
700 _aRenz Joenard Apolonio Belotindos
_eResearcher
700 _aJethro Equinan Moreno
_eResearcher
700 _aEmmanuel Santelices Togupen
_eResearcher
700 _aMark Angelo Vargas Tutor
_eResearcher
700 _aMaricel V. Maniaol
_eAdviser
942 _2lcc
_cT
999 _c78078
_d78077